Catálogo
 En Linea

Abriendo caminos : (Registro nro. 21250)

Detalles MARC
000 -CABECERA
campo de control de longitud fija 00688nam a2200205 a 4500
001 - NÚMERO DE CONTROL
campo de control 000021751
005 - FECHA Y HORA DE LA ÚLTIMA TRANSACCIÓN
campo de control 20200930011433.0
008 - DATOS DE LONGITUD FIJA--INFORMACIÓN GENERAL
campo de control de longitud fija 100910s1997 pr b r 000 0 spa d
020 ## - NÚMERO INTERNACIONAL ESTÁNDAR DEL LIBRO
Número Internacional Estándar del Libro 1563281031
040 ## - FUENTE DE LA CATALOGACIÓN
Centro catalogador/agencia de origen DO-SdBNP
Lengua de catalogación spa
Centro/agencia transcriptor BNPHU
082 ## - NÚMERO DE LA CLASIFICACIÓN DECIMAL DEWEY
Número de clasificación 460
Número de documento/Ítem G216a
049 ## - FONDOS LOCALES (OCLC)
Fondos de biblioteca BNGR
100 1# - ENTRADA PRINCIPAL--NOMBRE DE PERSONA
Nombre de persona García Cabrera, Estela
9 (RLIN) 45203
245 10 - MENCIÓN DE TÍTULO
Título Abriendo caminos :
Resto del título El español como segundo idioma /
Mención de responsabilidad, etc. Estela García Cabrera.
260 ## - PUBLICACIÓN, DISTRIBUCIÓN, ETC.
Lugar de publicación, distribución, etc. San Juan, Puerto Rico :
Nombre del editor, distribuidor, etc. Plaza Mayor,
Fecha de publicación, distribución, etc. 1997.
300 ## - DESCRIPCIÓN FÍSICA
Extensión 749 p. :
Otras características físicas maps. ;
Dimensiones 27 cm.
500 ## - NOTA GENERAL
Nota general Incluye bibliografía p. [747-749].
500 ## - NOTA GENERAL
Nota general Incluye referencia biográfica del autor en la contraportada.
650 #4 - PUNTO DE ACCESO ADICIONAL DE MATERIA--TÉRMINO DE MATERIA
Término de materia o nombre geográfico como elemento de entrada Español
Subdivisión general Enseñanza
9 (RLIN) 406
Existencias
Estado de retiro Estado de pérdida Restricciones de uso No para préstamo Código de colección Localización permanente Ubicación/localización actual Ubicación en estantería Fecha de adquisición Número de inventario Total de préstamos Signatura topográfica completa Código de barras Fecha visto por última vez Precio válido a partir de Tipo de ítem Koha
        Monografías: Libros y Folletos General General En catalogación 10.09.2010 LF1   460 G216a 21751-10 25.06.2020 25.06.2020 Préstamo en sala

Con tecnología Koha